书目信息 |
| 题名: |
设计美学与展陈设计
|
|
| 作者: | 李凯华 著 | |
| 分册: | ||
| 出版信息: | 长春 吉林美术出版社 2019 |
|
| 页数: | 113页 | |
| 开本: | 24cm | |
| 丛书名: | ||
| 单 册: | ||
| 中图分类: | J06 , J525.2 | |
| 科图分类: | ||
| 主题词: | 设计--she ji--艺术美学 , 陈列设计--chen lie she ji | |
| 电子资源: | ||
| ISBN: | 978-7-5575-3483-7 | |
| 000 | 01112nam0 2200277 450 | |
| 001 | 012001006655 | |
| 005 | 20131017114943.0 | |
| 010 | @a978-7-5575-3483-7@dCNY30.00 | |
| 099 | @aCAL 012019029980 | |
| 100 | @a20190308d2019 em y0chiy50 ea | |
| 101 | 0 | @achi |
| 102 | @aCN@b220000 | |
| 105 | @ay a 000yy | |
| 106 | @ar | |
| 200 | 1 | @a设计美学与展陈设计@Ashe ji mei xue yu zhan chen she ji@f李凯华著 |
| 210 | @a长春@c吉林美术出版社@d2019 | |
| 215 | @a113页@d24cm | |
| 320 | @a有书目 (第111-113页) | |
| 330 | @a本书首先提出了展陈设计与设计美学的相关概念, 让读者对展陈设计和设计美学有初步了解。接着对展陈设计的理念与策略进行详细阐释, 随后对设计美学中不同的美加以分类。在了解展陈设计理念的基础之上提出空间分类与规划设计的具体方法, 以及设计美学的功能要素与认知方法, 加深对展陈设计和设计美学的印象。随后以博物馆为例, 详细分析了博物馆当中的展陈设计技巧和设计美学的体现。 | |
| 606 | 0 | @a设计@Ashe ji@x艺术美学 |
| 606 | 0 | @a陈列设计@Achen lie she ji |
| 690 | @aJ06@v5 | |
| 690 | @aJ525.2@v5 | |
| 701 | 0 | @a李凯华@Ali kai hua@4著 |
| 801 | 0 | @aCN@b上海新华@c20191020 |
| 905 | @b1175081-4@dJ06@e479@f4 | |
| 设计美学与展陈设计/李凯华著.-长春:吉林美术出版社,2019 |
| 113页;24cm |
| ISBN 978-7-5575-3483-7:CNY30.00 |
| 本书首先提出了展陈设计与设计美学的相关概念, 让读者对展陈设计和设计美学有初步了解。接着对展陈设计的理念与策略进行详细阐释, 随后对设计美学中不同的美加以分类。在了解展陈设计理念的基础之上提出空间分类与规划设计的具体方法, 以及设计美学的功能要素与认知方法, 加深对展陈设计和设计美学的印象。随后以博物馆为例, 详细分析了博物馆当中的展陈设计技巧和设计美学的体现。 |
| ● |
| 相关链接 |
|
|
|
|
正题名:设计美学与展陈设计
索取号:J06/479
 
预约/预借
| 序号 | 登录号 | 条形码 | 馆藏地/架位号 | 状态 | 备注 |
| 1 | 1175081 | 211750817 | 第一样本阅览室/ [索取号:J06/479] | 在馆 | |
| 2 | 1175082 | 211750826 | 第一借阅区/ [索取号:J06/479] | 在馆 | |
| 3 | 1175083 | 211750835 | 第一借阅区/ [索取号:J06/479] | 在馆 | |
| 4 | 1175084 | 211750844 | 第一借阅区/ [索取号:J06/479] | 在馆 |